Snapshots of a wandering sociologist around the world (Record no. 4492)

MARC details
000 -LEADER
fixed length control field 00363nam a22001337a 4500
008 - FIXED-LENGTH DATA ELEMENTS--GENERAL INFORMATION
fixed length control field 250917b |||||||| |||| 00| 0 eng d
020 ## - INTERNATIONAL STANDARD BOOK NUMBER
ISBN 9789787985236
100 ## - MAIN ENTRY--AUTHOR
Author Erinosho olayiwola
245 ## - TITLE STATEMENT
Title Snapshots of a wandering sociologist around the world
260 ## - PUBLICATION, DISTRIBUTION, ETC. (IMPRINT)
Place of publication Ogun
Name of publisher Bulwark consult
Date of publication 2004
300 ## - COLLATION
Pagination ix,119p.
Other physical details ill.
942 ## - ADDED ENTRY ELEMENTS (KOHA)
Item type Books
050 ## - LIBRARY OF CONGRESS CALL NUMBER
Classification number HM691
Item number .E75
Holdings
Source of classification or shelving scheme Not for loan Permanent location Current location Date acquired Accession No. Full call number Barcode. Koha item type
Library of Congress Classification   Samuel Ogbemudia Main Library, University of Abuja Samuel Ogbemudia Main Library, University of Abuja 09/17/2025 2025/64475 HM691.E75 2025-3279 Books